LİSTE N2 31 (Kayıt no. 1175282)
[ düz görünüm ]
| 000 -LEADER | |
|---|---|
| sabit uzunluktaki kontrol alanı | 00246nam a2200097Ia 4500 |
| 001 - KONTROL NUMARASI | |
| kontrol alanı | 1175282 |
| 005 - EN SON İŞLEMİN TARİH VE ZAMANI | |
| kontrol alanı | 20250827012648.0 |
| 008 - SABİT-UZUNLUKTA VERİ ÖĞELERİ--GENEL BİLGİ | |
| sabit uzunluktaki kontrol alanı | 250824s9999 xx 000 0 und d |
| 245 #0 - ESER / YAZAR | |
| ESER ADI | LİSTE N2 31 |
| Yazar Adı | TİMUR SOYKAN |
| 260 ## - YAYIN, DAĞITIM, VB. | |
| YAYIN EVİ | KIRMIZI KEDİ YAYINLARI |
| Düşüm durumu | Kayıp durumu | Hasar Durumu | Ödünç verilmez | Ana kütüphane | Geçerli Kütüphane | Edinilen tarih | Toplam ödünç verme sayısı | Barkod | Son görüntüleme tarihi | Son ödünç verme tarihi | Fiyatın geçerli olmaya başladığı tarih | Koha materyal türü |
|---|---|---|---|---|---|---|---|---|---|---|---|---|
| MEHMET ZAHİD KOTKU KIZ ANADOLU İMAM HATİP LİSESİ | MEHMET ZAHİD KOTKU KIZ ANADOLU İMAM HATİP LİSESİ | 24.08.2025 | 1 | 10935048 | 31.03.2026 | 26.03.2026 | 27.08.2025 | Kitaplar |